| 000 | 00670nam a2200193Ia 4500 | ||
|---|---|---|---|
| 003 | GCL | ||
| 008 | 140319s9999 xx 000 0 ara d | ||
| 040 |
_aGCL / _cGCL |
||
| 082 | 0 | 4 |
_a253.9 _bح ت |
| 100 | 1 | _aحسان على حلاق | |
| 245 | 1 | 0 |
_aتعريب النقود والدواوين فى العصر الاموى(الحياة الماليةوالاقتصاديةوالادارية) / _cحسان على حلاق |
| 260 |
_a[S.N] : _bدار النهضة العربية ، _c1986 |
||
| 300 | _a157 ص | ||
| 490 | _a | ||
| 650 | 0 | 4 | _aالاسلام والحضارة |
| 650 | 0 | 4 | _aالنقود |
| 650 | 0 | 4 | _aالحضارة الاسلامية |
| 942 |
_2ddc _cBK |
||
| 999 |
_c37160 _d37160 |
||